000 00366nam a2200145Ia 4500
008 230411s9999 xx 000 0 und d
020 _a0-7020-1808-2
041 _aeng
082 _aF/616.89/PAT/B03750
100 _aPatel Ashok
245 _aComplete MRCPsych : Part 2
260 _bW B Saunders Company
_aLondon
_c1994
300 _a231p
999 _c154562
_d154562